[Event "AUTO-OPEN-3809"]
[Site "http://www.queenalice.com/game.php?id=1480796"]
[Date "2017.6.3"]
[Round "1"]
[White "cazedaniam"]
[Black "szachowymag"]
[Result "0-1"]
[WhiteElo "1173"]
[BlackElo "2199"]

1. d4 d5 2. e3 Bf5 3. g3 e6 4. g4 Bg6 5. h4 h6 6. h5 Bh7 7. Nf3 c5 8. Bb5+ Nc6
9. Ne5 Qb6 10. a4 cxd4 11. Bxc6+ bxc6 12. exd4 Bd6 13. Qf3 Bxe5 14. dxe5 Be4 15.
Qh3 Bxh1 16. Qxh1 Qd4 17. Qf3 Qxe5+ 18. Qe3 Qxe3+ 19. Bxe3 Nf6 20. f3 Nd7 21.
Bf4 e5 22. Bg3 O-O 23. Nc3 f5 24. b4 fxg4 25. fxg4 Rf3 26. Ne2 Raf8 27. Ra2 Nf6
28. Bxe5 Ne4 29. Nd4 Rf1+ 30. Ke2 Nc3+ 31. Kd3 Nxa2 32. Nxc6 Re8 33. Ke2 Rf4 34.
Kd3 Nxb4+ 35. Nxb4 Rxb4 36. Bd4 Rxa4 37. c3 Re4 38. c4 Rxc4 39. Bxa7 Rxg4 0-1

[Event "AUTO-OPEN-3809"]
[Site "http://www.queenalice.com/game.php?id=1480797"]
[Date "2017.6.3"]
[Round "1"]
[White "szachowymag"]
[Black "cazedaniam"]
[Result "1-0"]
[WhiteElo "2200"]
[BlackElo "1173"]

1. e4 c6 2. f4 d6 3. Nf3 Nf6 4. d3 Bg4 5. Be2 h5 6. O-O Qb6+ 7. Kh1 Nbd7 8. a4
O-O-O 9. a5 Qc7 10. Ng5 Bxe2 11. Qxe2 Re8 12. Nxf7 Rh7 13. Ng5 Rh8 14. Ne6 Qb8
15. Nc3 g6 16. a6 b5 17. Be3 Ng4 18. Bg1 Bh6 19. h3 Nf8 20. Nd4 e5 21. Nxc6 Qc7
22. Nxa7+ Kb8 23. Naxb5 Qd7 24. a7+ Kb7 25. f5 Bf4 26. Ra3 Ra8 27. Rb3 Kc6 28.
Nd5 Ne3 29. Bxe3 g5 30. Nbc7 Qc8 31. Rb6+ Kd7 32. Nxa8 Qxa8 33. Rb8 Nh7 34. Rxa8
Rxa8 35. Nb6+ 1-0

[Event "AUTO-OPEN-3809"]
[Site "http://www.queenalice.com/game.php?id=1480798"]
[Date "2017.6.3"]
[Round "1"]
[White "cazedaniam"]
[Black "holandes"]
[Result "1-0"]
[WhiteElo "1157"]
[BlackElo "1966"]

1. b3 e5 2. g3 d5 3. c3 Ne7 4. Bg2 Be6 5. d3 h6 6. f4 Ng6 7. c4 Bb4+ 8. Bd2
Bxd2+ 9. Qxd2 exf4 10. Qb4 b6 11. cxd5 Bxd5 12. Bxd5 Qxd5 13. Nf3 fxg3 14. Nc3
Qc5 15. Qxc5 bxc5 16. hxg3 c6 17. O-O-O Nd7 18. Kb2 Rb8 19. Ne4 O-O 20. Rc1 Rb5
21. a4 Ra5 22. d4 f5 23. Nxc5 Nxc5 24. Rxc5 Rxc5 25. dxc5 Rf6 26. Rd1 Ne7 27.
Rd8+ Kf7 28. Ne5+ Ke6 29. Nc4 Rg6 30. Rd6+ Kf7 31. Rxg6 Kxg6 32. Ne5+ Kg5 33. e3
g6 34. Nf7+ Kh5 35. Kc2 g5 36. Ne5 g4 37. Kd3 Kg5 38. b4 h5 39. Nf7+ Kf6 40. Nd6
Kg5 41. b5 cxb5 42. Nxb5 a6 43. Nd4 h4 44. gxh4+ Kxh4 45. Ke2 Kh3 46. c6 g3 47.
c7 Kh2 48. Nf3+ Kh1 49. Kf1 Nd5 50. c8=Q 1-0

[Event "AUTO-OPEN-3809"]
[Site "http://www.queenalice.com/game.php?id=1480799"]
[Date "2017.6.3"]
[Round "1"]
[White "holandes"]
[Black "cazedaniam"]
[Result "1-0"]
[WhiteElo "1911"]
[BlackElo "1173"]

1. e4 g5 2. d4 h6 3. Bd2 e6 4. a3 d6 5. Bc3 Nf6 6. Bd3 Nc6 7. h3 d5 8. e5 Nd7 9.
Ne2 Nb6 10. Nd2 f6 11. Bg6+ Ke7 12. O-O Na4 13. Nb3 Nxc3 14. exf6+ Kxf6 15. Nxc3
Kxg6 16. Qd3+ Kf7 17. f4 Kg8 18. Qg6+ Bg7 19. fxg5 Qd7 20. Nc5 Qe7 21. Rf4 hxg5
22. Rg4 b6 23. Nb3 Bd7 24. Rxg5 Nxd4 25. Nxd4 Rh6 26. Qxh6 Rf8 27. Re1 c5 28.
Nxd5 Qf7 29. Nxe6 Bxe6 30. Rxe6 Qf1+ 31. Kh2 Rf7 32. Re8+ 1-0

[Event "AUTO-OPEN-3809"]
[Site "http://www.queenalice.com/game.php?id=1480800"]
[Date "2017.6.3"]
[Round "1"]
[White "cazedaniam"]
[Black "bouley"]
[Result "1/2-1/2"]
[WhiteElo "1173"]
[BlackElo "2128"]

1. c4 e5 2. e4 Nf6 3. Nc3 Bc5 4. Na4 Bd4 5. f3 Nc6 6. Ne2 d6 7. Nxd4 Nxd4 8. b3
O-O 9. Bb2 c5 10. Bxd4 cxd4 11. Qc2 Bd7 12. O-O-O Bxa4 13. bxa4 Qa5 14. g4 Rac8
15. d3 Nd7 16. Qb3 Nc5 17. Qa3 Nxa4 18. Kc2 b5 19. Rb1 Qc7 20. Rxb5 Nc3 21. Ra5
Ra8 22. Bh3 Ne2 23. Rb1 Rfb8 24. Rd5 Rxb1 25. Kxb1 Rb8+ 26. Kc2 Rb6 27. g5 Qb8
28. Bf1 Nc3 29. Ra5 Rb7 30. Ra6 Qc7 31. Qxd6 Qxd6 32. Rxd6 g6 33. Ra6 Kg7 34.
Bh3 Rc7 35. Bf1 h6 36. h4 hxg5 37. hxg5 Nb5 38. Kb3 Nc3 39. Rd6 Rb7+ 40. Ka3 a5
41. Ra6 Rb1 42. Bh3 a4 43. Bd7 Ra1 44. Kb4 Rxa2 45. Bxa4 Rd2 46. c5 Rxd3 47. Rf6
Nxa4 48. Kxa4 Rc3 49. Kb4 Rc1 50. Rd6 Rb1+ 51. Kc4 Rf1 52. Rf6 Rc1+ 53. Kb5 d3
54. Rd6 Rb1+ 55. Kc4 Rc1+ 56. Kb5 Rb1+ 57. Kc4 Rc1+ 58. Kb5 1/2-1/2

[Event "AUTO-OPEN-3809"]
[Site "http://www.queenalice.com/game.php?id=1480801"]
[Date "2017.6.3"]
[Round "1"]
[White "bouley"]
[Black "cazedaniam"]
[Result "1-0"]
[WhiteElo "2118"]
[BlackElo "1100"]

1. e4 g6 2. d4 d5 3. e5 e6 4. Nf3 c5 5. Bb5+ Bd7 6. Nc3 c4 7. O-O Nc6 8. Bd2 Bh6
9. Bxc6 Bxc6 10. b3 b5 11. a4 b4 12. Nb5 Bxd2 13. Nd6+ Ke7 14. Qxd2 c3 15. Qg5+
f6 16. Qe3 h6 17. Qd3 f5 18. Qa6 Qb6 19. Nc8+ Rxc8 20. Qxc8 g5 21. a5 Qb7 22.
Qxb7+ Bxb7 23. Ra4 g4 24. Nh4 Kf7 25. Rxb4 Ba6 26. Re1 Ne7 27. g3 Nc6 28. Ra4
Bb5 29. Ra2 Nxd4 30. Re3 Be2 31. Rxc3 Nb5 32. Rc5 Rd8 33. c3 d4 34. Rxe2 Nxc3
35. Re1 Nd5 36. Ng2 Nb4 37. Rc7+ Kg6 38. Rxa7 Rb8 39. Nf4+ 1-0

[Event "Challenge"]
[Site "http://www.queenalice.com/game.php?id=1481653"]
[Date "2017.6.8"]
[Round "-"]
[White "cazedaniam"]
[Black "chessplayer123"]
[Result "0-1"]
[WhiteElo "1100"]
[BlackElo "1847"]

1. b3 e5 2. Bb2 e4 3. f3 exf3 4. Nxf3 d5 5. e3 Bg4 6. h3 Bxf3 7. Qxf3 Nc6 8. Nc3
Nf6 9. O-O-O Be7 10. d4 Qd7 11. g4 O-O-O 12. g5 Ne4 13. Nxe4 dxe4 14. Qxe4 Bxg5
15. d5 f6 16. Bb5 Rhe8 17. Qxh7 Qe7 18. Qf5+ Kb8 19. Kb1 Ne5 20. Bxe8 Rxe8 21.
Qe6 Qf8 22. Qf5 Bxe3 23. Bxe5 Rxe5 24. Qd7 a6 25. Rde1 Bf4 26. Rhg1 g5 27. Rxe5
Bxe5 28. h4 gxh4 29. Qe6 Qa3 30. Qe8+ Ka7 31. c3 Qd6 32. Qa4 Qxd5 33. Qxh4 Qd3+
34. Kc1 Qxc3+ 35. Kd1 Qa1+ 36. Ke2 Qxg1 37. Qf2+ Qxf2+ 38. Kxf2 Kb6 0-1

[Event "Challenge"]
[Site "http://www.queenalice.com/game.php?id=1482693"]
[Date "2017.6.16"]
[Round "-"]
[White "cazedaniam"]
[Black "Baby_Chess_91"]
[Result "1-0"]
[WhiteElo "1100"]
[BlackElo "1063"]

1. b3 e5 2. g3 Bb4 3. a3 Ba5 4. b4 Bb6 5. Bg2 Bd4 6. c3 Bb6 7. e4 Nf6 8. h3 d5
9. a4 Nbd7 10. a5 Bxf2+ 11. Kxf2 Nxe4+ 12. Bxe4 Qf6+ 13. Qf3 Qb6+ 14. axb6 dxe4
15. Qxe4 O-O 16. Ba3 axb6 17. Ke1 Re8 18. Qc4 Nf6 19. Qxc7 Bf5 20. Qxb7 Rad8 21.
Qxb6 Rd3 22. g4 Be4 23. Ne2 Bxh1 24. c4 Ne4 25. Qc6 Rxh3 26. d3 Bf3 27. dxe4 Rd8
28. Nd2 Rh1+ 29. Nf1 Bg2 30. Kf2 Bxf1 31. Rxf1 Rh3 32. Qc7 Ra8 33. Qxe5 Raxa3
34. Qe8# 1-0

[Event "OS INCLIVEIS"]
[Site "http://www.queenalice.com/game.php?id=1484994"]
[Date "2017.7.5"]
[Round "-"]
[White "adelio"]
[Black "cazedaniam"]
[Result "1-0"]
[WhiteElo "1237"]
[BlackElo "1157"]

1. d4 Nf6 2. c4 d5 3. Nc3 e6 4. c5 Nc6 5. Bg5 Be7 6. Bxf6 Bxf6 7. e3 O-O 8. Nf3
Re8 9. g3 e5 10. Be2 e4 11. Ne5 Nxe5 12. dxe5 Rxe5 13. Qb3 a5 14. O-O-O Bg5 15.
Rhg1 d4 16. Bc4 Be6 17. Bxe6 Rxe6 18. h4 Bh6 19. Kb1 d3 20. Rd2 c6 21. Rgd1 Rb8
22. Nxe4 Rxe4 23. Rxd3 Qf6 24. Qb6 Qxf2 25. Rd8+ Re8 26. Rxb8 Qf5+ 27. Ka1 Rf8
28. Rxf8+ 1-0

[Event "OS INCLIVES"]
[Site "http://www.queenalice.com/game.php?id=1484995"]
[Date "2017.7.5"]
[Round "-"]
[White "cazedaniam"]
[Black "adelio"]
[Result "1-0"]
[WhiteElo "1178"]
[BlackElo "1553"]

1. Nc3 f5 2. Nf3 e6 3. d3 Be7 4. Qd2 Nh6 5. Qf4 Ng4 6. h3 Nxf2 7. Kxf2 d6 8. e4
e5 9. Qh2 c5 10. a4 Nd7 11. exf5 Nf6 12. a5 a6 13. Be2 Bxf5 14. g4 Bxg4 15. Qg2
Bxf3 16. Bxf3 Ra7 17. Re1 b6 18. Bc6+ Rd7 19. Bxd7+ Kxd7 20. Bg5 h6 21. Bh4 g5
22. Bg3 Qb8 23. Nd5 Nxd5 24. Qxd5 Rf8+ 25. Kg2 Kc7 26. Bxe5 dxe5 27. Qxe5+ Kb7
28. Qxe7+ Ka8 29. axb6 Qb7+ 30. Qxb7+ Kxb7 31. Re7+ Kxb6 32. Re6+ Kc7 33. Raxa6
Kd7 34. Rxh6 Ke7 35. Rh7+ Rf7 36. Rxf7+ Kxf7 37. Rc6 Kg7 38. Rxc5 Kg6 39. b4 Kh5
40. b5 Kh4 41. b6 g4 42. hxg4 Kxg4 43. b7 Kh4 44. b8=Q Kg4 45. Qg8+ Kh4 46. Rc4+
Kh5 47. Rc5+ Kh6 48. Rc6+ Kh5 49. Qg6+ Kh4 50. Rc4# 1-0

[Event "OS INCLIVES"]
[Site "http://www.queenalice.com/game.php?id=1484996"]
[Date "2017.7.5"]
[Round "-"]
[White "adelio"]
[Black "cazedaniam"]
[Result "1-0"]
[WhiteElo "1414"]
[BlackElo "1173"]

1. b4 a5 2. b5 c6 3. c4 g6 4. d4 Bg7 5. e4 cxb5 6. cxb5 Qb6 7. Be3 Qd6 8. Qc1 f5
9. e5 Qb4+ 10. Qd2 Qxd2+ 11. Nxd2 b6 12. Ngf3 Nh6 13. Bxh6 Bxh6 14. Nc4 Bb7 15.
Nfd2 O-O 16. O-O-O 1-0

[Event "Challenge"]
[Site "http://www.queenalice.com/game.php?id=1516397"]
[Date "2018.2.17"]
[Round "-"]
[White "gruppodilavoro"]
[Black "cazedaniam"]
[Result "1-0"]
[WhiteElo "1764"]
[BlackElo "1197"]

1. e4 Nf6 2. Nc3 d6 3. d4 Qd7 4. Nf3 a6 5. Bc4 b5 6. Bb3 b4 7. Ba4 c6 8. Nd5
Nxd5 9. exd5 Bb7 10. c4 e6 11. dxc6 Bxc6 12. Bxc6 Nxc6 13. b3 Be7 14. Bb2 O-O
15. d5 exd5 16. cxd5 Na5 17. O-O Qb5 18. Re1 Rae8 19. Qd4 Bf6 20. Qd2 Rxe1+ 21.
Rxe1 Bxb2 22. Qxb2 Qxd5 23. h4 f6 24. Qe2 Qa8 25. Qe6+ Kh8 26. Qxd6 Qb7 27. Nd4
h5 28. Qxf8+ Kh7 29. Re7 1-0

[Event "Challenge"]
[Site "http://www.queenalice.com/game.php?id=1516398"]
[Date "2018.2.17"]
[Round "-"]
[White "cazedaniam"]
[Black "gruppodilavoro"]
[Result "0-1"]
[WhiteElo "1197"]
[BlackElo "1644"]

1. d4 Nf6 2. Nc3 e6 3. Bg5 Be7 4. e4 d5 5. Nf3 dxe4 6. Ne5 Nfd7 7. Bxe7 Qxe7 8.
Nxe4 Nxe5 9. dxe5 Nc6 10. a3 Nxe5 11. Qh5 Ng6 12. O-O-O Qh4 13. Qxh4 Nxh4 14.
Rd4 Nf5 15. Rd2 O-O 16. Bd3 Nd4 17. Rhd1 e5 18. Nc5 b6 19. Na6 Bxa6 20. Bxa6 c5
21. Bb7 Rad8 22. Kb1 Rd7 23. Be4 Rfd8 24. Bc6 Rd6 25. Be4 a5 26. c3 f5 27. cxd4
fxe4 28. Kc2 exd4 29. b3 b5 30. g4 d3+ 31. Kc3 Rd4 32. h3 c4 33. b4 axb4+ 34.
axb4 Kf7 35. Re1 e3 36. fxe3 Re4 37. g5 Rd6 38. Rf2+ Kg6 39. Rg2 Rd5 40. Rg3
Rxg5 41. Reg1 h6 42. Rxg5+ hxg5 43. Kd2 Kh5 44. Rg3 Kh4 45. Rf3 g4 46. hxg4 Kxg4
47. Rf7 g5 48. Rf1 Kg3 49. Rg1+ Kf3 50. Rxg5 Rxe3 51. Rf5+ Ke4 52. Rxb5 Re2+ 53.
Kc1 c3 54. Kd1 Rh2 0-1

[Event "Let's Play Chess!"]
[Site "http://www.queenalice.com/game.php?id=1524834"]
[Date "2018.4.24"]
[Round "-"]
[White "paolop69"]
[Black "cazedaniam"]
[Result "1-0"]
[WhiteElo "1736"]
[BlackElo "1197"]

1. e4 d6 2. Bc4 a6 3. Qf3 e6 4. d3 b5 5. Bb3 Qf6 6. Qxf6 Nxf6 7. h3 Nc6 8. c3
Bb7 9. Bg5 Be7 10. Nf3 Na5 11. g4 Nxb3 12. axb3 h6 13. Bxf6 gxf6 14. Nbd2 O-O-O
15. c4 c6 16. Nd4 e5 17. Nf5 1-0

[Event "Challenge"]
[Site "http://www.queenalice.com/game.php?id=1543917"]
[Date "2018.9.28"]
[Round "-"]
[White "cajuchos"]
[Black "cazedaniam"]
[Result "1-0"]
[WhiteElo "1227"]
[BlackElo "1180"]

1. d4 Nf6 2. Bf4 d6 3. e3 Nd5 4. Bg3 Nb6 5. Nf3 g6 6. Nbd2 Bg7 7. c3 O-O 8. h4
c5 9. h5 Bg4 10. h6 Bh8 11. Qc2 Bxf3 12. Nxf3 Qd7 13. Bd3 Rc8 14. O-O e6 15.
Rfe1 cxd4 16. exd4 Nd5 17. Qd2 Nc6 18. Ng5 Rf8 19. c4 Nde7 20. d5 Ne5 21. Bf4
Nxd3 22. Qxd3 Nf5 23. dxe6 fxe6 24. Nxe6 Rf6 25. Nc5 Rf7 26. Nxd7 1-0

[Event "Challenge"]
[Site "http://www.queenalice.com/game.php?id=1545193"]
[Date "2018.10.8"]
[Round "-"]
[White "cajuchos"]
[Black "cazedaniam"]
[Result "1-0"]
[WhiteElo "1241"]
[BlackElo "1163"]

1. d4 c6 2. Bf4 d6 3. e3 d5 4. Nf3 Bg4 5. h3 Bh5 6. g4 Bg6 7. c3 Nd7 8. Bd3 Bxd3
9. Qxd3 Rc8 10. Nbd2 e6 11. Ne5 Nxe5 12. dxe5 Qa5 13. Nb3 Qa4 14. O-O Ne7 15.
Nc5 Qb5 16. Qxb5 cxb5 17. Nxb7 Ng6 18. Bg3 Rc7 19. Nd6+ Bxd6 20. exd6 Rd7 21. b4
f5 22. gxf5 exf5 23. Rad1 h5 24. Rxd5 a6 25. Rxf5 Rxd6 26. Bxd6 1-0

[Event "AUTO-OPEN-4037"]
[Site "http://www.queenalice.com/game.php?id=1564424"]
[Date "2019.3.16"]
[Round "1"]
[White "RobertD"]
[Black "cazedaniam"]
[Result "0-1"]
[WhiteElo "1919"]
[BlackElo "1149"]

1. e4 d6 2. Nf3 Nc6 3. Bc4 Na5 4. Bxf7+ Kxf7 5. Ng5+ Ke8 6. Qf3 Nf6 7. O-O e5 8.
Nc3 Be7 9. Nd5 Bg4 10. Qc3 Nxd5 0-1

[Event "AUTO-OPEN-4037"]
[Site "http://www.queenalice.com/game.php?id=1564425"]
[Date "2019.3.16"]
[Round "1"]
[White "cazedaniam"]
[Black "RobertD"]
[Result "0-1"]
[WhiteElo "1149"]
[BlackElo "1919"]

1. e4 e5 2. b3 Nf6 3. d3 Bc5 4. Bg5 d6 5. Nf3 O-O 6. Be2 h6 7. Bxf6 Qxf6 8. Nc3
Nc6 9. Nd5 Qd8 10. c4 Nd4 11. Nxd4 Bxd4 12. Rc1 c6 13. Nb4 Qf6 14. f3 Be3 15.
Rb1 Bd4 16. Nc2 Bc3+ 17. Kf1 Qh4 18. Ne3 Bd4 19. Nf5 Qf2# 0-1

[Event "AUTO-OPEN-4037"]
[Site "http://www.queenalice.com/game.php?id=1564444"]
[Date "2019.3.16"]
[Round "1"]
[White "echo92"]
[Black "cazedaniam"]
[Result "1-0"]
[WhiteElo "2060"]
[BlackElo "1147"]

1. d4 b6 2. e4 g6 3. Nc3 Bb7 4. f4 e6 5. Nf3 Bb4 6. Bd3 c5 7. O-O Bxc3 8. bxc3
Qc7 9. f5 h6 10. fxg6 fxg6 11. Ne5 Ne7 12. Qg4 h5 13. Qg5 Ba6 14. Nxg6 Nxg6 15.
Qxg6+ Ke7 16. Bg5+ Kd6 17. Bf4+ 1-0

[Event "AUTO-OPEN-4037"]
[Site "http://www.queenalice.com/game.php?id=1564445"]
[Date "2019.3.16"]
[Round "1"]
[White "cazedaniam"]
[Black "echo92"]
[Result "0-1"]
[WhiteElo "1145"]
[BlackElo "2048"]

1. c4 c6 2. b3 Nf6 3. g3 d5 4. cxd5 cxd5 5. Bb2 Nc6 6. Bxf6 gxf6 7. Bg2 e5 8. e4
Be6 9. exd5 Bxd5 10. Bxd5 Qxd5 11. Qf3 Qd4 12. Qc3 Qe4+ 13. Qe3 Qxh1 14. Kf1 Nd4
15. Nc3 h5 16. f3 Qxh2 17. f4 h4 18. Qf2 hxg3 19. Qg2 Qxg2+ 20. Kxg2 exf4 21.
Re1+ Kd7 22. Re4 Rh2+ 23. Kf1 g2+ 24. Kf2 Bc5 25. Na4 Nxb3+ 26. Nxc5+ Nxc5 27.
Rxf4 Rah8 28. Rd4+ Ke6 29. Nf3 R2h5 30. Kxg2 Rd5 31. Rc4 a6 32. Rb4 b5 33. Nd4+
Kd6 34. Nf3 Nd3 35. Rg4 a5 36. Rg7 Ke6 37. Rg3 b4 38. Kf1 Rh1+ 39. Rg1 Rxg1+ 40.
Kxg1 a4 0-1

[Event "AUTO-OPEN-4037"]
[Site "http://www.queenalice.com/game.php?id=1564456"]
[Date "2019.3.16"]
[Round "1"]
[White "cazedaniam"]
[Black "Rafale2000"]
[Result "0-1"]
[WhiteElo "1149"]
[BlackElo "2012"]

1. Nf3 Nf6 2. c3 d5 3. e3 Bg4 4. Be2 e6 5. O-O c5 6. Ne5 Bxe2 7. Qxe2 Nbd7 8.
Qb5 b6 9. f4 Be7 10. d4 O-O 11. f5 cxd4 12. fxe6 Nxe5 13. exf7+ Rxf7 14. exd4
Nc4 15. Qa4 a6 16. Nd2 b5 17. Qd1 Ne3 18. Qe2 Nxf1 19. Nxf1 Qf8 20. Bg5 Ne4 21.
Bxe7 Rxe7 22. Qh5 Qf7 23. Qxf7+ Rxf7 24. Ne3 Rd8 25. Rf1 Rxf1+ 26. Kxf1 Rf8+ 27.
Ke2 Rf2+ 0-1

[Event "AUTO-OPEN-4037"]
[Site "http://www.queenalice.com/game.php?id=1564457"]
[Date "2019.3.16"]
[Round "1"]
[White "Rafale2000"]
[Black "cazedaniam"]
[Result "1-0"]
[WhiteElo "2004"]
[BlackElo "1149"]

1. e4 e6 2. d4 b6 3. Bd3 Bb7 4. Nf3 c5 5. c3 Be7 6. dxc5 Bxc5 7. Nbd2 d5 8. O-O
dxe4 9. Nxe4 Be7 10. Bb5+ Bc6 11. Qa4 Qc7 12. Bxc6+ Qxc6 13. Qd4 Nd7 14. Be3 f6
15. Rfd1 Bc5 16. Nxc5 bxc5 17. Qd6 Qxd6 18. Rxd6 Ke7 19. Rad1 Rd8 20. Bxc5 Nxc5
21. Rxd8 h5 22. b4 Na4 23. R1d7# 1-0

[Event "Challenge"]
[Site "http://www.queenalice.com/game.php?id=1570405"]
[Date "2019.5.9"]
[Round "-"]
[White "florencia1260"]
[Black "cazedaniam"]
[Result "1/2-1/2"]
[WhiteElo "1414"]
[BlackElo "1143"]

1. d4 b6 2. e4 g6 3. Nc3 Bb7 4. Be3 Bg7 5. Qd2 h5 6. Nf3 Nc6 7. O-O-O a5 8. d5
Nb4 9. a3 Na6 10. h3 c6 11. d6 e6 12. e5 f6 13. Bf4 g5 14. Bh2 g4 15. hxg4 hxg4
16. Nd4 Bh6 17. Bf4 fxe5 18. Bxh6 Rxh6 19. Rxh6 Nxh6 20. Qxh6 Kf7 21. Qh7+ Kf8
22. Qh8+ Kf7 23. Qxd8 Rxd8 24. Nb3 Rh8 25. Bxa6 Bxa6 26. Ne4 Rh2 27. g3 Kg6 28.
Kd2 a4 29. Nc1 c5 30. b3 Bb7 31. Re1 Kf5 32. Nc3 Rxf2+ 33. Re2 Rf3 34. Re3 axb3
35. cxb3 e4 36. N3e2 Rf1 37. b4 c4 38. Na2 b5 39. Nac3 Bc6 40. Nd4+ Ke5 41.
Nxc6+ dxc6 42. Rxe4+ Kxd6 43. Rxg4 Ra1 44. Ne4+ Ke5 45. Nc3 Kf5 46. Rf4+ Ke5 47.
Re4+ Kf6 48. Re3 Kf5 49. Ne2 Ra2+ 50. Ke1 Ra1+ 51. Kf2 Ra2 52. Kf3 e5 53. g4+
Ke6 54. g5 Kf5 55. g6 Kxg6 56. Rxe5 Rxa3+ 57. Re3 Ra4 58. Nd4 Rxb4 59. Nxc6 Rb1
60. Rc3 Rb3 61. Re3 c3 62. Nd4 Rb4 63. Nc2 Rb3 64. Ke4 b4 65. Kd4 Rb2 66. Kd3
Kf5 67. Nd4+ Kf4 68. Re2 Rb1 69. Rc2 Rd1+ 70. Kc4 Ke3 71. Nb3 Rd2 72. Nxd2 cxd2
73. Rxd2 Kxd2 74. Kxb4 Kd3 1/2-1/2